000 00422nam a2200181Ia 4500
001 19233
005 20260306171729.0
008 260306s9999||||xx |||||||||||||| ||und||
041 _aESP
082 _a658.81
_bD69
100 _aDíaz Chuquipiondo, Richard
_eAUT
245 0 _aVentas técnicas
260 _c2015
300 _a147 páginas :
_c25 cm.
650 _aGEN
654 _aCAN
942 _cLIB
_dJUS
_fJUS
_2ddc
_n
999 _c19233
_d19233